Kāmyāb zindagi kā taṣavvur / (Record no. 79878)

MARC details
000 -LEADER
fixed length control field 00660cam a22002411 4500
001 - CONTROL NUMBER
control field sa 68003959
003 - CONTROL NUMBER IDENTIFIER
control field DLC
005 - DATE AND TIME OF LATEST TRANSACTION
control field 20260227112458.0
008 - FIXED-LENGTH DATA ELEMENTS--GENERAL INFORMATION
fixed length control field 930301s1964 ii 000 0 urdo
010 ## - LIBRARY OF CONGRESS CONTROL NUMBER
LC control number sa 68003959
020 ## - INTERNATIONAL STANDARD BOOK NUMBER
Terms of availability Rs6.00
035 ## - SYSTEM CONTROL NUMBER
System control number (OCoLC)28001107
040 ## - CATALOGING SOURCE
Original cataloging agency DLC
Transcribing agency ICU
Modifying agency WU
-- DLC
042 ## - AUTHENTICATION CODE
Authentication code premarc
050 00 - LIBRARY OF CONGRESS CALL NUMBER
Classification number BJ1588.U7
Item number D5
100 1# - MAIN ENTRY--PERSONAL NAME
Personal name Dil, Anwar S.
245 10 - TITLE STATEMENT
Title Kāmyāb zindagi kā taṣavvur /
Statement of responsibility, etc. mūʼallif, Anvar Dil ; Muʻāvin : Shamīm Yūnis.
260 ## - PUBLICATION, DISTRIBUTION, ETC.
Place of publication, distribution, etc. Lāhaur :
Name of publisher, distributor, etc. Makatabah-yi Jadīd,
Date of publication, distribution, etc. 1964.
300 ## - PHYSICAL DESCRIPTION
Extent 296 p.
Dimensions 19 cm.
500 ## - GENERAL NOTE
General note In Urdu.
650 #0 - SUBJECT ADDED ENTRY--TOPICAL TERM
Topical term or geographic name entry element Conduct of life.
700 1# - ADDED ENTRY--PERSONAL NAME
Personal name Yūnis, Shamīm.

No items available.

Powered by Koha